LIBRARY & INFORMATION CENTRE, KCAET, TAVANUR

ONLINE PUBLIC ACCESS CATALOGUE (OPAC)

Indonesia khethrasamridhamaya muslim rajyam / | ഇന്തോനേഷ്യ ക്ഷേത്രസമൃദ്ധമായ മുസ്ലിംരാജ്യം (Record no. 18125)

MARC details
000 -LEADER
fixed length control field 00597nam a2200181 4500
003 - CONTROL NUMBER IDENTIFIER
control field OSt
008 - FIXED-LENGTH DATA ELEMENTS--GENERAL INFORMATION
fixed length control field 241005b |||||||| |||| 00| 0 eng d
020 ## - INTERNATIONAL STANDARD BOOK NUMBER
ISBN 9788196876371
041 ## - LANGUAGE CODE
Language code of text/sound track or separate title mal
082 ## - DEWEY DECIMAL CLASSIFICATION NUMBER
Classification number 915.98
Item number JAL/IN
100 ## - MAIN ENTRY--AUTHOR NAME
Personal name Jaleel, K.T
245 ## - TITLE STATEMENT
Title Indonesia khethrasamridhamaya muslim rajyam /
Remainder of title ഇന്തോനേഷ്യ ക്ഷേത്രസമൃദ്ധമായ മുസ്ലിംരാജ്യം
250 ## - EDITION STATEMENT
Edition statement 1st ed.
260 ## - PUBLICATION, DISTRIBUTION, ETC. (IMPRINT)
Place of publication Thiruvananthapuram :
Name of publisher Chintha Publishers,
Year of publication 2024.
300 ## - PHYSICAL DESCRIPTION
Number of Pages 144p.
650 ## - SUBJECT ADDED ENTRY--TOPICAL TERM
Topical Term Travelogue - Indonesia
942 ## - ADDED ENTRY ELEMENTS (KOHA)
Koha item type Books
Holdings
Withdrawn status Lost status Damaged status Home library Current library Date acquired Source of acquisition Cost, normal purchase price Full call number Accession Number Koha item type
      KAUAET KAUAET 05/10/2024 Donated by KT Jaleel MLA 200.00 915.98 JAL/IN 26256 Books
      KAUAET KAUAET 02/09/2025 Donated by KT Jaleel MLA 200.00 915.98 JAL/IN 26301 Books
free website counter